| 000 | 00340nam a22001457a 4500 | ||
|---|---|---|---|
| 003 | SGT | ||
| 020 | _a9780670088010 | ||
| 082 |
_a320 _bN15K |
||
| 100 | _aKASURI, KHURSHID MAHMUD | ||
| 245 | _aNEITHER AN INSIDERS A HAWK ACCOUNT OF NOR | ||
| 260 |
_bPENGUIN BOOKS _c2015 |
||
| 300 | _a851 | ||
| 650 | _aPOLITICAL SCIENCE | ||
| 942 |
_2ddc _cBK |
||
| 999 |
_c28010 _d28010 |
||